000 00241nam a22000857a 4500
008 161020b xxu||||| |||| 00| 0 eng d
100 _9902
_aBramson.R.
245 _aHow to handle Difficult People
260 _aNew Delhi
_bMannugran Publications
_c2012
999 _c3556
_d3556